<?xml version="1.0" encoding="UTF-8"?>
<record
    xmlns:xsi="http://www.w3.org/2001/XMLSchema-instance"
    xsi:schemaLocation="http://www.loc.gov/MARC21/slim http://www.loc.gov/standards/marcxml/schema/MARC21slim.xsd"
    xmlns="http://www.loc.gov/MARC21/slim">

  <leader>03110nam a2200241Ia 4500</leader>
  <controlfield tag="003">OSt</controlfield>
  <controlfield tag="005">20260408161045.0</controlfield>
  <controlfield tag="008">210210b2008   xxu||||| |||| 00| 0 eng d</controlfield>
  <datafield tag="040" ind1=" " ind2=" ">
    <subfield code="c">AL</subfield>
  </datafield>
  <datafield tag="041" ind1=" " ind2=" ">
    <subfield code="a">Kannada</subfield>
  </datafield>
  <datafield tag="082" ind1=" " ind2=" ">
    <subfield code="a">920K LIVN</subfield>
  </datafield>
  <datafield tag="100" ind1=" " ind2=" ">
    <subfield code="a">LIVINGSMILE VIDYA</subfield>
    <subfield code="d">&#xCB2;&#xCBF;&#xCB5;&#xCBF;&#xC82;&#xC97;&#xCCD; &#xCB8;&#xCCD;&#xCAE;&#xCC8;&#xCB2;&#xCCD; &#xCB5;&#xCBF;&#xCA6;&#xCCD;&#xCAF;&#xCBE;</subfield>
    <subfield code="9">179330</subfield>
  </datafield>
  <datafield tag="245" ind1=" " ind2=" ">
    <subfield code="a">Nanu avanalla avalu</subfield>
    <subfield code="b">&#xCA8;&#xCBE;&#xCA8;&#xCC1; &#xC85;&#xCB5;&#xCA8;&#xCB2;&#xCCD;&#xCB2; &#xC85;&#xCB5;&#xCB3;&#xCC1;</subfield>
  </datafield>
  <datafield tag="260" ind1=" " ind2=" ">
    <subfield code="a">Bengaluru</subfield>
    <subfield code="b">Pragathi Prakashan</subfield>
    <subfield code="c">2008</subfield>
  </datafield>
  <datafield tag="300" ind1=" " ind2=" ">
    <subfield code="a">222</subfield>
  </datafield>
  <datafield tag="520" ind1=" " ind2=" ">
    <subfield code="a">&#xCB0;&#xCCD;&#xCA8;&#xCBE;&#xC9F;&#xC95; &#xCB8;&#xCBE;&#xCB9;&#xCBF;&#xCA4;&#xCCD;&#xCAF; &#xC85;&#xC95;&#xCBE;&#xCA1;&#xCC6;&#xCAE;&#xCBF; &#xCB9;&#xCBE;&#xC97;&#xCC2; &#xC95;&#xCC7;&#xC82;&#xCA6;&#xCCD;&#xCB0; &#xCB8;&#xCBE;&#xCB9;&#xCBF;&#xCA4;&#xCCD;&#xCAF; &#xC85;&#xC95;&#xCBE;&#xCA1;&#xCC6;&#xCAE;&#xCBF; &#xCAA;&#xCCD;&#xCB0;&#xCB6;&#xCB8;&#xCCD;&#xCA4;&#xCBF; &#xCAA;&#xCA1;&#xCC6;&#xCA6; &#xC86;&#xCA4;&#xCCD;&#xCAE;&#xC95;&#xCA5;&#xCA8; &#x2018;&#xCA8;&#xCBE;&#xCA8;&#xCC1; &#xC85;&#xCB5;&#xCA8;&#xCB2;&#xCCD;&#xCB2; &#xC85;&#xCB5;&#xCB3;&#xCC1;...!&#x2019; &#xCB2;&#xCBF;&#xCB5;&#xCBF;&#xC82;&#xC97;&#xCCD; &#xCB8;&#xCCD;&#xCAE;&#xCC8;&#xCB2;&#xCCD; &#xCB5;&#xCBF;&#xCA6;&#xCCD;&#xCAF;&#xCBE; &#xC85;&#xCB5;&#xCB0;&#xCC1; &#xCA4;&#xCAE;&#xCBF;&#xCB3;&#xCBF;&#xCA8;&#xCB2;&#xCCD;&#xCB2;&#xCBF; &#xCAC;&#xCB0;&#xCC6;&#xCA6;&#xCBF;&#xCB0;&#xCC1;&#xCB5; &#xC88; &#xC86;&#xCA4;&#xCCD;&#xCAE;&#xC95;&#xCA5;&#xCA8;&#xCB5;&#xCA8;&#xCCD;&#xCA8;&#xCC1; '&#xCA8;&#xCBE;&#xCA8;&#xCC1; &#xC85;&#xCB5;&#xCA8;&#xCB2;&#xCCD;&#xCB2;.. &#xC85;&#xCB5;&#xCB3;&#xCC1;' &#xC8E;&#xC82;&#xCAC; &#xCB6;&#xCC0;&#xCB0;&#xCCD;&#xCB7;&#xCBF;&#xC95;&#xCC6;&#xCAF;&#xCA1;&#xCBF; &#xCB2;&#xCC7;&#xC96;&#xC95;&#xCBF; &#xCA1;&#xCBE;.&#xCA4;&#xCAE;&#xCBF;&#xCB3;&#xCC1; &#xCB8;&#xCC6;&#xCB2;&#xCCD;&#xCB5;&#xCBF; &#xC85;&#xCB5;&#xCB0;&#xCC1; &#xC95;&#xCA8;&#xCCD;&#xCA8;&#xCA1;&#xC95;&#xCCD;&#xC95;&#xCC6; &#xC85;&#xCA8;&#xCC1;&#xCB5;&#xCBE;&#xCA6;&#xCBF;&#xCB8;&#xCBF;&#xCA6;&#xCCD;&#xCA6;&#xCBE;&#xCB0;&#xCC6;. &#xCB2;&#xCBF;&#xC82;&#xC97;&#xCAA;&#xCB0;&#xCBF;&#xCB5;&#xCB0;&#xCCD;&#xCA4;&#xCBF;&#xCA4; &#xCB5;&#xCCD;&#xCAF;&#xC95;&#xCCD;&#xCA4;&#xCBF;&#xCAF;&#xCCA;&#xCAC;&#xCCD;&#xCAC;&#xCB0; &#xC86;&#xCA4;&#xCCD;&#xCAE;&#xC95;&#xCA4;&#xCC6; &#xC87;&#xCA6;&#xCC1;. &#xC88; &#xC95;&#xCC3;&#xCA4;&#xCBF;&#xCAF;&#xCA8;&#xCCD;&#xCA8;&#xCC1; &#xC86;&#xCA7;&#xCB0;&#xCBF;&#xCB8;&#xCBF; &#xCAC;&#xCBF;. &#xC8E;&#xCB8;&#xCCD;. &#xCB2;&#xCBF;&#xC82;&#xC97;&#xCA6;&#xCC7;&#xCB5;&#xCB0;&#xCC1; &#xC9A;&#xCB2;&#xCA8;&#xC9A;&#xCBF;&#xCA4;&#xCCD;&#xCB0;&#xCB5;&#xCA8;&#xCCD;&#xCA8;&#xCC1; &#xCA8;&#xCBF;&#xCB0;&#xCCD;&#xCA6;&#xCC7;&#xCB6;&#xCBF;&#xCB8;&#xCBF;&#xCA6;&#xCCD;&#xCA6;&#xCBE;&#xCB0;&#xCC6;. &#xCAE;&#xCBE;&#xCA6;&#xCC7;&#xCB6;&#xCA8;&#xCC6;&#xC82;&#xCAC; &#xCB9;&#xCC1;&#xCA1;&#xCC1;&#xC97;&#xCA8;&#xCC1; &#xCB2;&#xCBF;&#xC82;&#xC97;&#xCAA;&#xCB0;&#xCBF;&#xCB5;&#xCB0;&#xCCD;&#xCA4;&#xCA8;&#xC97;&#xCCA;&#xC82;&#xCA1;&#xCC1; &#xC85;&#xCA8;&#xCC1;&#xCAD;&#xCB5;&#xCBF;&#xCB8;&#xCC1;&#xCB5; &#xC9C;&#xCC0;&#xCB5;&#xCA8;&#xCA6; &#xCA6;&#xCBE;&#xCB0;&#xCC1;&#xCA3;&#xCA4;&#xCC6;&#xCAF;&#xCA8;&#xCCD;&#xCA8;&#xCC1; &#xCAE;&#xCA4;&#xCCD;&#xCA4;&#xCC1; &#xCB9;&#xCBF;&#xC9C;&#xCA1;&#xCBE; &#xCB2;&#xCCB;&#xC95;&#xCA6; &#xC95;&#xCA5;&#xCC6;&#xCAF;&#xCA8;&#xCCD;&#xCA8;&#xCC1; &#xC92;&#xCB3;&#xC97;&#xCCA;&#xC82;&#xCA1;&#xCBF;&#xCA6;&#xCC6;. &#xC85;&#xCB5;&#xCA8;&#xCC1; &#xCB2;&#xCBF;&#xC82;&#xC97;&#xCAA;&#xCB0;&#xCBF;&#xCB5;&#xCB0;&#xCCD;&#xCA4;&#xCA8;&#xCC6; &#xCAE;&#xCBE;&#xCA1;&#xCBF;&#xC95;&#xCCA;&#xCB3;&#xCCD;&#xCB3;&#xCC1;&#xCB5; &#xC89;&#xCA6;&#xCCD;&#xCA6;&#xCC7;&#xCB6;&#xCA6;&#xCBF;&#xC82;&#xCA6; &#xCAE;&#xCA8;&#xCC6; &#xCAC;&#xCBF;&#xC9F;&#xCCD;&#xC9F;&#xCC1; &#xCAC;&#xCB0;&#xCC1;&#xCA4;&#xCCD;&#xCA4;&#xCBE;&#xCA8;&#xCC6;. &#xCB2;&#xCBF;&#xC82;&#xC97;&#xCAA;&#xCB0;&#xCBF;&#xCB5;&#xCB0;&#xCCD;&#xCA4;&#xCA8;&#xCC6;&#xCAF; &#xCA4;&#xCCA;&#xC82;&#xCA6;&#xCB0;&#xCC6;&#xC97;&#xCB3;&#xCC7;&#xCA8;&#xCC1; &#xC85;&#xCA8;&#xCCD;&#xCA8;&#xCC1;&#xCB5;&#xCC1;&#xCA6;&#xCC1; &#xC86;&#xCA4;&#xCA8;&#xCBF;&#xC97;&#xCC6; &#xCA8;&#xCBF;&#xCA7;&#xCBE;&#xCA8;&#xC95;&#xCCD;&#xC95;&#xCC6; &#xC85;&#xCB0;&#xCCD;&#xCA5;&#xCB5;&#xCBE;&#xC97;&#xCC1;&#xCA4;&#xCCD;&#xCA4;&#xCBE; &#xCB9;&#xCCB;&#xC97;&#xCC1;&#xCA4;&#xCCD;&#xCA4;&#xCA6;&#xCC6;. &#xCB9;&#xCBF;&#xC9C;&#xCA1;&#xCBE;&#xC97;&#xCB3;&#xCBF;&#xC97;&#xCC6; &#xCAF;&#xCBE;&#xCB0;&#xCC2; &#xC89;&#xCA6;&#xCCD;&#xCAF;&#xCCB;&#xC97;&#xCB5;&#xCA8;&#xCCD;&#xCA8;&#xCC1; &#xC95;&#xCCA;&#xCA1;&#xCA6;&#xCC7; &#xC87;&#xCB0;&#xCC1;&#xCB5;&#xCC1;&#xCA6;&#xCB0;&#xCBF;&#xC82;&#xCA6; &#xC86;&#xCA4; &#xC9C;&#xCC0;&#xCB5;&#xCA8;&#xC95;&#xCCD;&#xC95;&#xCBE;&#xC97;&#xCBF; &#xCAD;&#xCBF;&#xC95;&#xCCD;&#xCB7;&#xCBE;&#xC9F;&#xCA8;&#xCC6; &#xCAE;&#xCBE;&#xCA1;&#xCAC;&#xCC7;&#xC95;&#xCBE;&#xC97;&#xCC1;&#xCA4;&#xCCD;&#xCA4;&#xCA6;&#xCC6;. &#xC86;&#xCA6;&#xCB0;&#xCC2; &#xC95;&#xCC2;&#xCA1; &#xCAE;&#xCBE;&#xCA6;&#xCC7;&#xCB6; &#xCB5;&#xCBF;&#xCA6;&#xCCD;&#xCAF;&#xCBE; &#xC86;&#xC97;&#xCBF; &#xCAA;&#xCB0;&#xCBF;&#xCB5;&#xCB0;&#xCCD;&#xCA4;&#xCBF;&#xCA4;&#xCA8;&#xCBE;&#xC97;&#xCC1;&#xCA4;&#xCCD;&#xCA4;&#xCBE;&#xCA8;&#xCC6;. &#xC86;&#xCA6;&#xCB0;&#xCC6;, &#xCAE;&#xCBE;&#xCA6;&#xCC7;&#xCB6; &#xCB5;&#xCBF;&#xCA6;&#xCCD;&#xCAF;&#xCBE; &#xC86;&#xC97;&#xCBF; &#xCAA;&#xCB0;&#xCBF;&#xCB5;&#xCB0;&#xCCD;&#xCA4;&#xCBF;&#xCA4;&#xCA8;&#xCBE;&#xCA6; &#xCA8;&#xC82;&#xCA4;&#xCB0;&#xCA6; &#xC9C;&#xCC0;&#xCB5;&#xCA8;&#xCB5;&#xCA8;&#xCCD;&#xCA8;&#xCC1; &#xCB9;&#xCBE;&#xC97;&#xCC2; &#xC92;&#xC82;&#xCA6;&#xCC1; &#xC98;&#xCA8;&#xCC6;&#xCA4;&#xCC6;&#xCAF; &#xCAC;&#xCA6;&#xCC1;&#xC95;&#xCBF;&#xC97;&#xCBE;&#xC97;&#xCBF; &#xC86;&#xC97;&#xCC6; &#xCB9;&#xCC7;&#xC97;&#xCC6; &#xCB9;&#xCCB;&#xCB0;&#xCBE;&#xCA1;&#xCC1;&#xCA4;&#xCCD;&#xCA4;&#xCBE;&#xCB3;&#xCC6; &#xC8E;&#xCA8;&#xCCD;&#xCA8;&#xCC1;&#xCB5;&#xCC1;&#xCA6;&#xCA8;&#xCCD;&#xCA8;&#xCC1;&#xC88; &#xC95;&#xCC3;&#xCA4;&#xCBF; &#xCA4;&#xCCB;&#xCB0;&#xCBF;&#xCB8;&#xCC1;&#xCA4;&#xCCD;&#xCA4;&#xCA6;&#xCC6;</subfield>
  </datafield>
  <datafield tag="650" ind1=" " ind2=" ">
    <subfield code="a">I Am Vidya A Transgender's Journey</subfield>
    <subfield code="9">179331</subfield>
  </datafield>
  <datafield tag="650" ind1=" " ind2=" ">
    <subfield code="a">Third gender</subfield>
    <subfield code="9">260916</subfield>
  </datafield>
  <datafield tag="690" ind1=" " ind2=" ">
    <subfield code="a">Biography</subfield>
    <subfield code="9">179334</subfield>
  </datafield>
  <datafield tag="700" ind1=" " ind2=" ">
    <subfield code="a">Tamil Selvi</subfield>
    <subfield code="d">&#xCA4;&#xCAE;&#xCBF;&#xCB3;&#xCCD; &#xCB8;&#xCC6;&#xCB2;&#xCCD;&#xCB5;&#xCBF; Tr</subfield>
    <subfield code="9">179335</subfield>
  </datafield>
  <datafield tag="906" ind1=" " ind2=" ">
    <subfield code="a">064194</subfield>
  </datafield>
  <datafield tag="942" ind1=" " ind2=" ">
    <subfield code="2">ddc</subfield>
    <subfield code="c">BK</subfield>
  </datafield>
  <datafield tag="999" ind1=" " ind2=" ">
    <subfield code="c">140426</subfield>
    <subfield code="d">140426</subfield>
  </datafield>
  <datafield tag="952" ind1=" " ind2=" ">
    <subfield code="0">0</subfield>
    <subfield code="1">0</subfield>
    <subfield code="2">ddc</subfield>
    <subfield code="4">0</subfield>
    <subfield code="7">0</subfield>
    <subfield code="8">SW</subfield>
    <subfield code="a">AL</subfield>
    <subfield code="b">AL</subfield>
    <subfield code="c">Biography</subfield>
    <subfield code="d">2021-02-17</subfield>
    <subfield code="e">Athree Book Centre Balmatta, Mangalore-01</subfield>
    <subfield code="g">150.00</subfield>
    <subfield code="l">3</subfield>
    <subfield code="o">920K LIVN</subfield>
    <subfield code="p">064194</subfield>
    <subfield code="r">2026-03-24 09:54:35</subfield>
    <subfield code="s">2026-03-17</subfield>
    <subfield code="w">2021-02-17</subfield>
    <subfield code="y">BK</subfield>
  </datafield>
</record>
